Nanomanufacturing handbook (Record no. 7889)
[ view plain ]
| 000 -LEADER | |
|---|---|
| fixed length control field | 02359 a2200205 4500 |
| 020 ## - INTERNATIONAL STANDARD BOOK NUMBER | |
| International Standard Book Number | 9780849333262 |
| 020 ## - INTERNATIONAL STANDARD BOOK NUMBER | |
| International Standard Book Number | 0849333261 |
| 040 ## - CATALOGING SOURCE | |
| Original cataloging agency | DLC |
| Language of cataloging | DLC |
| 082 00 - DEWEY DECIMAL CLASSIFICATION NUMBER | |
| Classification number | 620/.5 |
| 245 00 - TITLE STATEMENT | |
| Title | Nanomanufacturing handbook |
| Statement of responsibility, etc. | Ahmed Busnaina, [editor] |
| 260 ## - PUBLICATION, DISTRIBUTION, ETC. | |
| Place of publication, distribution, etc. | Boca Raton, FL : |
| Name of publisher, distributor, etc. | CRC Press/Taylor & Francis, |
| Date of publication, distribution, etc. | c2007. |
| 300 ## - PHYSICAL DESCRIPTION | |
| Extent | 408 p. : |
| Other physical details | ill. ; |
| Dimensions | 25 cm. |
| 505 0# - FORMATTED CONTENTS NOTE | |
| Formatted contents note | Introduction to nanomanufacturing / Ahmed Busnaina and Manish Mehta -- Surface-programmed assembly for nanomanufacturing / Seunghun Hong ...[et al.] -- Fabrication and applications of single-walled carbon nanotube (SWNT) fabrics / Darren K. Brock ... [et al.] -- Controlled synthesis of carbon nanotubes using chemical vapor deposition methods / Yung Joon Jung -- Reconfigurable CMOS electronic microarray system for the assisted self-assembly of higher-order nanostructures / Dietrich Dehlinger ...[et al.] -- Manufacturing electrical contacts to nanostructures / Loucas Tsakalakos -- Nanofabrication techniques with high-resolution molded rubber stamps / Etienne Menard and John Rogers -- Room-temperature nanoimprint and nanocontact technologies / Ken-ichiro Nakamatsu and Shinji Matsui -- Antistiction layers for nano imprinting lithography / Nam-Goo Cha, Jin-Goo Park -- Nanocontacts and switch reliability / George G. Adams and Nicol E. McGruer -- Nanoscale defects and surface preparation in nanomanufacturing / Ahmed Busnaina and Kaveh Bakhtari -- Improved carbon materials for nanomanufacturing applications / Patrick Lemoine ... [et al.] -- Nanomanufacturing processes using polymeric materials / Carol Barry, Julie Chen, and Joey Mead -- Patterned electrospray fiber structures / Phil Gibson and Heidi Schreuder-Gibson -- Patenting nanotechnology / Rouget F. (Ric) Henschel and Stephen B. Maebius -- Leaving the laboratory: regulatory and societal issues confronting nanotechnology commercialization / Christopher J. Bosso ... [et al.] -- R&D activities for nanoscale manufacturing processes and enabling equipment in Korea / Chang-Soo Han ... [et al.]. |
| 650 #0 - SUBJECT ADDED ENTRY--TOPICAL TERM | |
| Topical term or geographic name entry element | Nanotechnology. |
| 650 #0 - SUBJECT ADDED ENTRY--TOPICAL TERM | |
| Topical term or geographic name entry element | Nanostructured materials. |
| 700 1# - ADDED ENTRY--PERSONAL NAME | |
| Personal name | Busnaina, A. A. |
| 856 41 - ELECTRONIC LOCATION AND ACCESS | |
| Materials specified | Table of contents only |
| Uniform Resource Identifier | <a href="http://www.loc.gov/catdir/toc/ecip0611/2006009680.html">http://www.loc.gov/catdir/toc/ecip0611/2006009680.html</a> |
| 856 41 - ELECTRONIC LOCATION AND ACCESS | |
| Materials specified | Publisher description |
| Uniform Resource Identifier | <a href="http://www.loc.gov/catdir/enhancements/fy0625/2006009680-d.html">http://www.loc.gov/catdir/enhancements/fy0625/2006009680-d.html</a> |
| 942 ## - ADDED ENTRY ELEMENTS (KOHA) | |
| Koha item type | Book |
| Call number prefix | 620.5 BUS |
| Source of classification or shelving scheme | |
| Withdrawn status | Lost status | Damaged status | Not for loan | Collection code | Permanent Location | Current Location | Shelving location | Date acquired | Source of acquisition | Cost, normal purchase price | Total Checkouts | Full call number | Barcode | Date last seen | Price effective from | Koha item type |
|---|---|---|---|---|---|---|---|---|---|---|---|---|---|---|---|---|
| Central Library (CL) | Central Library (CL) | General Stacks | 03/24/2007 | Saeed Book Bank | 10823.22 | 620.5 BUS | SEECS008262 | 04/18/2023 | 01/05/2017 | Book |
